banner-ar

NEAR EASTERN SEALS / (Record no. 17442)

MARC details
000 -الفاتح
حقل البيانات ثابتة الطول 00454nam a2200181Ia 4500
008 - عناصر البيانات ثابتة الطول - معلومات عامة
حقل البيانات ثابتة الطول 140319s9999 xx 000 0 eng d
040 ## - مصدر الفهرسة
وكالة الفهرسة الأصلية GCL /
وكالة النسخ GCL
082 04 - رقم تصنيف ديوى العشرى
رقم التصنيف 737.609394
رقم المادة C N
100 1# - المدخل الرئيسى - إسم شخصى
الإسم الشخصى COLLON, DOMINIQUE
245 10 - بيان العنوان
العنوان NEAR EASTERN SEALS /
بيان المسئوليه,etc COLLON, DOMINIQUE
300 ## - الوصف المادى
التعداد 62
650 04 - المدخل الاضافى بالموضوع-مصطلح موضوعى
مصطلح موضوعي ANCIENT PERIOD
650 04 - المدخل الاضافى بالموضوع-مصطلح موضوعى
مصطلح موضوعي MIDDLE EAST - SEALS
650 04 - المدخل الاضافى بالموضوع-مصطلح موضوعى
مصطلح موضوعي SEALS
942 ## - عناصر المدخل الإضافي( كوها)
مصدر التصنيف او مخطط الترفيف Dewey Decimal Classification
Koha [default] item type كتاب
260 ## - PUBLICATION, DISTRIBUTION, ETC. (IMPRINT)
-- [S.N] :
-- BRITISH MUSEUM PRESS
Holdings
حالة التراجع حالة الفقد حالة تلف ليس للاعارة المكان المؤقت الموقع الحالى تاريخ الاكتساب اجمالي اﻻعارات رقم الطلب الباركود تاريخ اخر مشاهدة تاريخ تفعيل السعر نوع وعاء كوها
        مكتبة القاهرة الكبرى مكتبة القاهرة الكبرى 03/26/2014   737.609394\C N 31563 03/26/2014 03/26/2014 كتاب

Powered By

EGPV